[Event "Urals-ch 72nd"]
[Site "Tiumen"]
[Date "2014.03.27"]
[Round "8"]
[White "Chukleev, Sergei"]
[Black "Ocabera, Konstantin"]
[Result "1-0"]
[WhiteElo "1917"]
[BlackElo "1822"]
[PlyCount "79"]
[EventDate "2014.03.20"]
[EventType "swiss"]
[EventRounds "9"]
[EventCountry "RUS"]
[SourceTitle "CBM 159 Extra"]
[Source "ChessBase"]
[SourceDate "2014.04.24"]
[SourceVersion "1"]
[SourceVersionDate "2014.04.24"]
[SourceQuality "1"]

1. c4 e5 2. Nc3 Nf6 3. g3 d5 4. cxd5 Nxd5 5. Bg2 Nb6 6. Nf3 Nc6 7. 0-0 Be7 8. d3 0-0 9. Bd2 f6 10. Rc1 Re8 11. Ne4 Bf8 12. Nc5 Bxc5 13. Rxc5 Nd4 14. Nxd4 exd4 15. e4 dxe3 16. Bxe3 c6 17. Rh5 f5 18. Rh4 Qf6 19. Bd4 Qg6 20. Bf3 Rd8 21. Re1 Nd5 22. Be5 Qf7 23. d4 Nf6 24. b4 Be6 25. a3 Bd5 26. Bxd5 Rxd5 27. Rf4 g6 28. Rf3 Re8 29. h3 Ne4 30. Rxe4 fxe4 31. Rxf7 Kxf7 32. Qe2 Re7 33. Qxe4 Kg8 34. f4 Red7 35. g4 Rf7 36. Kg2 a6 37. Kg3 Re7 38. Qd3 Rdd7 39. Qc4+ Rd5 40. g5 1-0

[Event "Urals-ch 72nd"]
[Site "Tiumen"]
[Date "2014.03.26"]
[Round "7"]
[White "Ocabera, Konstantin"]
[Black "Soloviov, Vitalii"]
[Result "1/2-1/2"]
[WhiteElo "1822"]
[BlackElo "1878"]
[PlyCount "62"]
[EventDate "2014.03.20"]
[EventType "swiss"]
[EventRounds "9"]
[EventCountry "RUS"]
[SourceTitle "CBM 159 Extra"]
[Source "ChessBase"]
[SourceDate "2014.04.24"]
[SourceVersion "1"]
[SourceVersionDate "2014.04.24"]
[SourceQuality "1"]

1. d4 Nf6 2. c4 e6 3. Nf3 d5 4. Nbd2 c6 5. e3 Bd6 6. Bd3 Nbd7 7. 0-0 e5 8. dxe5 Nxe5 9. Nxe5 Bxe5 10. Nf3 Bg4 11. h3 Bxf3 12. Qxf3 0-0 13. Rd1 Qe7 14. Rb1 Rad8 15. b3 Rfe8 16. Bb2 Bxb2 17. Rxb2 Rd6 18. Rbd2 Ne4 19. Bxe4 dxe4 20. Qf4 Rf6 21. Rd7 Qxd7 22. Rxd7 Rxf4 23. exf4 Rb8 24. f5 Kf8 25. Kf1 a5 26. Rc7 a4 27. b4 Rd8 28. Rxb7 Rd2 29. Rb6 Rxa2 30. Rxc6 Rb2 31. Ra6 Rxb4 1/2-1/2

[Event "Urals-ch 72nd"]
[Site "Tiumen"]
[Date "2014.03.20"]
[Round "1"]
[White "Ocabera, Konstantin"]
[Black "Bulatov, Ramil"]
[Result "0-1"]
[WhiteElo "1822"]
[BlackElo "2196"]
[PlyCount "70"]
[EventDate "2014.03.20"]
[EventType "swiss"]
[EventRounds "9"]
[EventCountry "RUS"]
[SourceTitle "CBM 159 Extra"]
[Source "ChessBase"]
[SourceDate "2014.04.24"]
[SourceVersion "1"]
[SourceVersionDate "2014.04.24"]
[SourceQuality "1"]

1. d4 Nf6 2. Nf3 c5 3. dxc5 Na6 4. Nc3 Nxc5 5. Bg5 Qb6 6. Rb1 Nce4 7. Nxe4 Nxe4 8. Bh4 g5 9. Bg3 h5 10. e3 d6 11. Bd3 f5 12. c3 h4 13. Bxe4 fxe4 14. Nxg5 hxg3 15. Nxe4 gxf2+ 16. Kxf2 Bh6 17. Qd4 Rf8+ 18. Kg3 Qxd4 19. exd4 Bf5 20. Rbe1 Kd7 21. Rhf1 Rf7 22. h4 Rg8+ 23. Kh2 Rff8 24. Ng3 Bd3 25. Rxf8 Rxf8 26. Kh3 Rg8 27. Ne4 Bc4 28. b3 Be6+ 29. Kh2 b6 30. c4 Rg4 31. g3 Bf5 32. Nf2 Rxd4 33. Re2 e5 34. Nh3 Bg4 35. Rb2 e4 0-1